[Event "South America-ch U16 17th"]
[Site "Guayaquil"]
[Date "2022.01.28"]
[Round "6"]
[White "Loja Zambrano, Diego Sebastian"]
[Black "Flores Aedo, Alexander Oliver M"]
[Result "0-1"]
[WhiteElo "1487"]
[BlackElo "1804"]
[PlyCount "116"]
[EventDate "2022.01.25"]
[EventType "swiss"]
[EventRounds "9"]
[EventCountry "ECU"]
[SourceTitle "CBM 206 Extra"]
[Source "ChessBase"]
[SourceDate "2022.03.31"]
[SourceVersion "1"]
[SourceVersionDate "2022.03.31"]
[SourceQuality "1"]

1. Nf3 Nf6 2. c4 e6 3. g3 b6 4. Bg2 Bb7 5. 0-0 Be7 6. b3 0-0 7. Bb2 d5 8. d4 Nbd7 9. Nbd2 c5 10. Rc1 dxc4 11. Nxc4 Rc8 12. e3 h6 13. Qe2 Rc7 14. Rfd1 Qa8 15. dxc5 Bxc5 16. Ne1 Bxg2 17. Nxg2 Rfc8 18. Nf4 Be7 19. Nd3 Ne4 20. Nce5 Rxc1 21. Rxc1 Rxc1+ 22. Bxc1 Nxe5 23. Nxe5 Bf6 24. Bb2 Bxe5 25. Bxe5 Ng5 26. e4 Qxe4 27. Qxe4 Nxe4 28. f3 Nc5 29. Bc3 Kf8 30. Kf1 g6 31. Ke2 Ke7 32. Ke3 Kd6 33. Bg7 h5 34. Bc3 e5 35. h4 Kd5 36. Bb4 Ne6 37. Bc3 f6 38. Bb2 Ng7 39. f4 Nf5+ 40. Kf3 Nd4+ 41. Ke3 Nc6 42. Bc3 b5 43. fxe5 fxe5 44. Kf3 Ne7 45. g4 Ng8 46. gxh5 gxh5 47. a4 bxa4 48. bxa4 Nh6 49. Bd2 Nf5 50. Bg5 a6 51. a5 Nd4+ 52. Kg3 Ke4 53. Kf2 Nc6 54. Bd2 Kd3 55. Be1 Nd4 56. Bb4 Nf5 57. Kg2 Nxh4+ 58. Kh3 Nf5 0-1

[Event "ECU-ch Schools U15 Clas2"]
[Site "Chess.com INT"]
[Date "2020.11.07"]
[Round "4"]
[White "Loja Zambrano, Diego Sebastian"]
[Black "Gonzalez Loaiza, Roberth Alberto"]
[Result "1-0"]
[WhiteElo "1596"]
[BlackElo "1587"]
[PlyCount "85"]
[EventDate "2020.11.07"]
[EventType "swiss"]
[EventRounds "9"]
[EventCountry "ECU"]
[SourceTitle "EXT 2022"]
[Source "ChessBase"]
[SourceDate "2021.10.06"]
[SourceVersion "1"]
[SourceVersionDate "2021.10.06"]
[SourceQuality "1"]

1. Nf3 d5 2. c4 dxc4 3. e3 Nf6 4. Bxc4 e6 5. b3 Bd6 6. Bb2 0-0 7. 0-0 Nbd7 8. d4 b6 9. Nbd2 Bb7 10. Re1 Ne4 11. Nxe4 Bxe4 12. Nd2 Bb7 13. Bd3 Qg5 14. e4 Bb4 15. Nf3 Qh6 16. Re2 Rad8 17. a3 Be7 18. Bc1 g5 19. Bd2 Qg7 20. Be3 f5 21. exf5 Bxf3 22. gxf3 exf5 23. Kh1 f4 24. Bc1 Nf6 25. Bb2 Nd5 26. Bc4 c6 27. b4 Bf6 28. Re6 Kh8 29. Rxc6 Ne7 30. Rc7 Rc8 31. Rxc8 Rxc8 32. Be6 Rd8 33. Qb3 Bxd4 34. Bxd4 Qxd4 35. Rf1 Kg7 36. Kg2 h5 37. h3 Nc6 38. Qc2 Ne5 39. Qf5 Qd6 40. Bb3 Kh6 41. Rd1 Qxd1 42. Bxd1 Rxd1 43. Qxe5 1-0

[Event "ECU-ch Schools U15 Clas2"]
[Site "Chess.com INT"]
[Date "2020.11.07"]
[Round "5"]
[White "Marin Gomez, Daniel Alejandro"]
[Black "Loja Zambrano, Diego Sebastian"]
[Result "1-0"]
[WhiteElo "1727"]
[BlackElo "1596"]
[PlyCount "87"]
[EventDate "2020.11.07"]
[EventType "swiss"]
[EventRounds "9"]
[EventCountry "ECU"]
[SourceTitle "EXT 2022"]
[Source "ChessBase"]
[SourceDate "2021.10.06"]
[SourceVersion "1"]
[SourceVersionDate "2021.10.06"]
[SourceQuality "1"]

1. d4 Nf6 2. Bf4 g6 3. e3 Bg7 4. Nf3 0-0 5. Be2 d6 6. 0-0 c5 7. c3 b6 8. a4 Bb7 9. a5 a6 10. axb6 Qxb6 11. Qc1 Nc6 12. Nbd2 Na5 13. Nc4 Nxc4 14. Bxc4 cxd4 15. exd4 d5 16. Bd3 Ne4 17. Nd2 Nxd2 18. Qxd2 Rfe8 19. Rfe1 a5 20. Be5 Bf8 21. Re3 Ba6 22. Bxa6 Qxa6 23. Rh3 Ra7 24. Bf4 f6 25. Bh6 e6 26. Bxf8 Rxf8 27. Re1 Re7 28. Rhe3 Kf7 29. f4 Rfe8 30. Ra1 Ra8 31. Rae1 Raa7 32. Qf2 Re8 33. Qh4 Kg7 34. Qh3 Rae7 35. g4 Qd6 36. Rf1 e5 37. fxe5 fxe5 38. dxe5 Rxe5 39. Ref3 R8e7 40. Qh4 g5 41. Qh5 Re1 42. Rf7+ Rxf7 43. Qxf7+ Kh8 44. Rxe1 1-0

[Event "ECU-ch Schools U15 Clas1"]
[Site "Chess.com INT"]
[Date "2020.11.05"]
[Round "8"]
[White "Loja Zambrano, Diego Sebastian"]
[Black "Alvarado Navarro, Dante Santiago"]
[Result "1-0"]
[WhiteElo "1596"]
[BlackElo "1409"]
[PlyCount "89"]
[EventDate "2020.11.05"]
[EventType "swiss"]
[EventRounds "9"]
[EventCountry "ECU"]
[SourceTitle "EXT 2022"]
[Source "ChessBase"]
[SourceDate "2021.10.06"]
[SourceVersion "1"]
[SourceVersionDate "2021.10.06"]
[SourceQuality "1"]

1. Nf3 d5 2. c4 c6 3. e3 Nf6 4. b3 Bf5 5. Bb2 e6 6. Be2 h6 7. 0-0 Bd6 8. d4 0-0 9. a3 Ne4 10. Nbd2 Nd7 11. Re1 b6 12. Nf1 Rc8 13. Rc1 Qe7 14. b4 a5 15. c5 bxc5 16. bxc5 Bc7 17. Qa4 Nb8 18. Ng3 Bxg3 19. hxg3 Qb7 20. Bc3 Nxc3 21. Rxc3 Qa7 22. Bd3 Bxd3 23. Rxd3 Nd7 24. Rb3 Rc7 25. Reb1 Rb8 26. Nd2 Rxb3 27. Rxb3 Qa6 28. Rb2 Qa7 29. e4 Nf6 30. e5 Nd7 31. Nb3 Rb7 32. Qxc6 a4 33. Qc8+ Kh7 34. c6 Rc7 35. cxd7 Rxc8 36. dxc8Q axb3 37. Qc3 Qxa3 38. Qxb3 Qa1+ 39. Kh2 Qa7 40. Qd3+ g6 41. Rb5 Qa2 42. Qf3 Qa7 43. Rc5 Kg7 44. Qf6+ Kh7 45. Rc8 1-0

[Event "ECU-ch Schools U15 Clas1"]
[Site "Chess.com INT"]
[Date "2020.11.05"]
[Round "5"]
[White "Loja Zambrano, Diego Sebastian"]
[Black "Gonzalez Loaiza, Roberth Alberto"]
[Result "1-0"]
[WhiteElo "1596"]
[BlackElo "194"]
[PlyCount "175"]
[EventDate "2020.11.05"]
[EventType "swiss"]
[EventRounds "9"]
[EventCountry "ECU"]
[SourceTitle "EXT 2022"]
[Source "ChessBase"]
[SourceDate "2021.10.06"]
[SourceVersion "1"]
[SourceVersionDate "2021.10.06"]
[SourceQuality "1"]

1. Nf3 Nc6 2. d4 d5 3. b3 Bf5 4. Bb2 Nf6 5. e3 e6 6. Be2 Bd6 7. 0-0 0-0 8. c4 b6 9. Nbd2 Nb4 10. a3 Nd3 11. Bc3 dxc4 12. bxc4 c5 13. Nb1 cxd4 14. Nxd4 Nc5 15. Nxf5 exf5 16. Nd2 Nfe4 17. Nxe4 Nxe4 18. Bd4 Re8 19. Bf3 Re6 20. Bxe4 fxe4 21. Qg4 Rg6 22. Qxe4 Qc7 23. g3 Rf8 24. Rfc1 f5 25. Qd5+ Kh8 26. c5 bxc5 27. Bxc5 Bxc5 28. Rxc5 Qe7 29. Rac1 Rd6 30. Qe5 Re6 31. Qc7 Qf6 32. Qxa7 h6 33. Rc8 Kh7 34. Rxf8 Qxf8 35. a4 Qf6 36. Qd4 Qe7 37. Qc5 Qf7 38. Qd5 Qf6 39. Rc5 Qa1+ 40. Kg2 Rf6 41. Qd4 Qa2 42. a5 Qe6 43. Qf4 Qa6 44. Rxf5 Qc6+ 45. e4 Re6 46. Re5 Rf6 47. Qe3 Qc7 48. Rf5 Rxf5 49. exf5 Qxa5 50. Qe4 Kh8 51. h4 Qd8 52. Qc6 Qf8 53. Qd5 Qf6 54. h5 Kh7 55. g4 Qg5 56. Kg3 Qe7 57. Qe6 Qc7+ 58. Kh3 Qc3+ 59. Qe3 Qc6 60. Kh2 Qd6+ 61. Kg2 Qd5+ 62. Qf3 Qe5 63. Qc6 Qd4 64. Kg3 Qe5+ 65. Kh3 Qd4 66. Qg6+ Kh8 67. Qe8+ Kh7 68. Qe3 Qd5 69. f3 Qd6 70. g5 hxg5 71. Qxg5 Qd1 72. Qg6+ Kg8 73. Qe6+ Kh7 74. Qe4 Qh1+ 75. Kg3 Qg1+ 76. Kf4 Qh2+ 77. Ke3 Qxh5 78. f6+ Kh6 79. Qf4+ Kh7 80. f7 Qc5+ 81. Ke2 Qf8 82. Kf2 g6 83. Qf6 Qc5+ 84. Kg2 Qf8 85. f4 Kh6 86. Kh2 Kh7 87. f5 gxf5 88. Kg2 1-0

[Event "Pan American-ch U14"]
[Site "Guayaquil"]
[Date "2019.07.25"]
[Round "7"]
[White "Johnson, Donald"]
[Black "Loja Zambrano, Diego Sebastian"]
[Result "0-1"]
[WhiteElo "1757"]
[BlackElo "1511"]
[PlyCount "78"]
[EventDate "2019.07.21"]
[EventType "swiss"]
[EventRounds "9"]
[EventCountry "ECU"]
[SourceTitle "EXT 2020"]
[Source "ChessBase"]
[SourceDate "2019.10.17"]
[SourceVersion "1"]
[SourceVersionDate "2019.10.17"]
[SourceQuality "1"]

1. e4 c6 2. d4 d5 3. e5 c5 4. c3 e6 5. Nf3 Nd7 6. Bd3 h6 7. h4 Ne7 8. Nbd2 Nc6 9. Nf1 Qb6 10. Bc2 cxd4 11. cxd4 Bb4+ 12. Ke2 Be7 13. Ng3 Nb4 14. Bb1 Qc7 15. Kf1 b6 16. Nh5 Bf8 17. Rh3 Ba6+ 18. Kg1 0-0-0 19. Be3 Kb8 20. a3 Nc6 21. b4 Rc8 22. Ra2 Qd8 23. Rb2 Bb7 24. Bd3 g6 25. Nf4 Rg8 26. Nd2 Qe8 27. Nb3 Bg7 28. b5 Ne7 29. a4 Nf5 30. a5 Nxe3 31. Rxe3 Qe7 32. Rh3 Nxe5 33. dxe5 Bxe5 34. Qe2 Qb4 35. Rf3 Bxb2 36. Qxb2 Rc3 37. Bc2 Rgc8 38. Rxc3 Qxc3 39. Qxc3 Rxc3 0-1

[Event "ECU-ch U16"]
[Site "Guayaquil"]
[Date "2019.04.20"]
[Round "6"]
[White "Loja Zambrano, Diego Sebastian"]
[Black "Wong Pages, Juan Diego"]
[Result "1-0"]
[WhiteElo "1514"]
[BlackElo "1752"]
[PlyCount "113"]
[EventDate "2019.04.17"]
[EventType "swiss"]
[EventRounds "9"]
[EventCountry "ECU"]
[SourceTitle "CBM 190 Extra"]
[Source "ChessBase"]
[SourceDate "2019.07.15"]
[SourceVersion "1"]
[SourceVersionDate "2019.07.15"]
[SourceQuality "1"]

1. Nf3 c5 2. c4 Nc6 3. Nc3 g6 4. g3 Bg7 5. Bg2 e5 6. 0-0 Nge7 7. d3 0-0 8. Bg5 f6 9. Be3 d6 10. Rb1 f5 11. Qc1 Rb8 12. a3 Nd4 13. b4 b6 14. Bg5 Ne6 15. Bd2 Bb7 16. Ng5 Qd7 17. Nxe6 Qxe6 18. Nb5 f4 19. Nxa7 f3 20. exf3 Rxf3 21. Be3 Rbf8 22. bxc5 dxc5 23. Bxc5 bxc5 24. Rxb7 Rxd3 25. Qc2 Rd4 26. Nb5 Rdd8 27. a4 Qf6 28. Nc7 Bh6 29. Nd5 Nxd5 30. Bxd5+ Kh8 31. a5 Rd6 32. Qe4 Bd2 33. Rb5 Bb4 34. f4 Bc3 35. Rf3 Bd4+ 36. Kg2 exf4 37. Rxf4 Qg7 38. Rb7 Rxf4 39. Qxf4 Qf6 40. Rb8+ Rd8 41. Rxd8+ Qxd8 42. Qf7 Be5 43. a6 Bb8 44. a7 Bxa7 45. Qxa7 Qf6 46. Qb8+ Kg7 47. Qc7+ Kh8 48. Qxc5 h5 49. Qf2 Qe7 50. c5 Kg7 51. c6 Kh6 52. Qd2+ g5 53. h4 Kh7 54. hxg5 Kg6 55. Bf3 Qf7 56. Qd5 Qg7 57. Be4# 1-0

[Event "South America-ch U10 12th"]
[Site "Santa Cruz"]
[Date "2015.12.05"]
[Round "6"]
[White "Alza Rios, Jose Karlo"]
[Black "Loja Zambrano, Diego Sebastian"]
[Result "1/2-1/2"]
[WhiteElo "1342"]
[BlackElo "1635"]
[PlyCount "102"]
[EventDate "2015.12.02"]
[EventType "swiss"]
[EventRounds "9"]
[EventCountry "BOL"]
[SourceTitle "CBM 170 Extra"]
[Source "ChessBase"]
[SourceDate "2016.02.25"]
[SourceVersion "1"]
[SourceVersionDate "2016.02.25"]
[SourceQuality "1"]

1. e4 c6 2. d4 d5 3. exd5 cxd5 4. c4 Nf6 5. Nc3 Be6 6. cxd5 Nxd5 7. Nf3 g6 8. Be3 Nxe3 9. fxe3 Bg7 10. Bd3 0-0 11. 0-0 Qb6 12. Qe2 Rd8 13. Na4 Qd6 14. Nc5 Bc8 15. Rac1 Nd7 16. Ne4 Qb6 17. Nfg5 Nf6 18. Nf3 Bg4 19. Ng3 Rac8 20. Rb1 Rc7 21. h3 Bd7 22. Rbc1 Rdc8 23. Rxc7 Qxc7 24. Qf2 Re8 25. a3 h6 26. Nh2 Qb6 27. Qe2 Nd5 28. Nf3 Qd6 29. Ne4 Qc7 30. Re1 a6 31. Qf2 Nf6 32. Ng3 Qa5 33. Qd2 Qxd2 34. Nxd2 Nd5 35. Nde4 Nxe3 36. Rxe3 Bxd4 37. Kf2 Bxe3+ 38. Kxe3 Bc6 39. Kf2 Bxe4 40. Nxe4 Kg7 41. g4 Rd8 42. Ke3 Rc8 43. b4 Rc7 44. Kd4 Rd7+ 45. Kc4 Rc7+ 46. Kd4 Kf8 47. Nc5 e6 48. Be4 b6 49. Nxa6 Ra7 50. b5 Ke7 51. a4 f6 1/2-1/2